Clínica y Análisis Grupal : revista de psicoterapia y psicología social aplicada : año 3, no. 9, marzo-abri/1978 /
Guardado en:
| Otros autores: | |
|---|---|
| Formato: | Libro |
| Idioma: | Español |
| Publicado: |
Madrid, España :
Clínica y Análisis Grupal,
1978, c1978
|
| Colección: | (Clínica y Análisis Grupal ;
9) |
| Temas: | |
| Etiquetas: |
Sin etiquetas, Sé el primero en etiquetar este registro!
|
MARC
| LEADER | 00000nam^a2200000^a^4500 | ||
|---|---|---|---|
| 001 | 000630571 | ||
| 005 | 20260417000000.0 | ||
| 009 | 20260526154554.506 | ||
| 037 | |a Acervo ITESO - Biblioteca | ||
| 041 | |a ESP | ||
| 082 | |a 616. 89005 |b CLI V. 9 | ||
| 245 | 0 | 0 | |a Clínica y Análisis Grupal : |b revista de psicoterapia y psicología social aplicada : año 3, no. 9, marzo-abri/1978 / |c Dir. de A. Avila Espada. |
| 264 | 4 | |a Madrid, España : |b Clínica y Análisis Grupal, |c 1978, c1978 | |
| 300 | |a 128 p. | ||
| 336 | |a texto |b txt |2 rdacontenido | ||
| 337 | |a sin mediación |b n |2 rdamedio | ||
| 338 | |a volumen |b nc |2 rdasoporte | ||
| 440 | 1 | |a (Clínica y Análisis Grupal ; |v 9) | |
| 567 | |a Catalogación rápida | ||
| 649 | |a XX | ||
| 650 | |a Psicoterapia - |x Publicaciones Periódicas Españolas - |x Tema Principal | ||
| 650 | |a Psicología Social - |x Publicaciones Periódicas Españolas | ||
| 650 | |a Psicología Clínica - |x Publicaciones Periódicas Españolas | ||
| 650 | |a Publicaciones Periódicas Españolas | ||
| 650 | |a Publicaciones Periódicas | ||
| 700 | |a Avila Espada, Alejandro |e (dirección) | ||
| 910 | |a Fondo Castillo-Martínez | ||
| 920 | |a Impresos - Libros | ||
| 930 | |a Fondos Especiales | ||
| 905 | |a 127 | ||
| 901 | |a 630571-10 |b IT2 |c ESP |i D129872 |u 20260417 | ||
| 902 | |a https://opac.biblio.iteso.mx/vufind/Record/000630571 | ||